000 00484nam a2200181 i 4500
001 bg
100 1 _aMITCHELL, James K.
245 0 _aFundamentals of soil behavior /
_cJames K. Mitchell.
260 _aNew York :
_bJohn Wiley & Sons,
_c1977.
490 1 _aSeries in Soil Engineering
650 9 _aMechanika gruntów
830 _aSeries in Soil Engineering
040 _cBPK
041 _apol
080 _a624.131
942 _cKS
008 s pl f |000 0 pol
999 _c18247
_d18247
856 _uhttp://koha.tu.koszalin.pl/cgi-bin/koha/opac-detail.pl?biblionumber=18247
_yKatalog online BPK